| 000 | 00540nam a2200181Ia 4500 | ||
|---|---|---|---|
| 003 | LK-CoDNM | ||
| 008 | 010623t2000 xxu||||| |||| 00| 1 sin d | ||
| 040 |
_aLK-CoDNM _dLK-CoDNM _eLK-CoDNM |
||
| 041 | _asin | ||
| 080 | _a159.9 MUR | ||
| 100 | _aMuruthenge,Sanathdeewa. | ||
| 245 | _aමනෝකාය කර්මය හා මායා ලෝකය | ||
| 246 | _aAstral Body kamma and the Deceptive World. | ||
| 260 |
_bSuriya _aColombo _c2000 |
||
| 300 | _b456p., 22 100: 955-8425-08-7 cm | ||
| 650 | _aPsychology | ||
| 942 | _cBK | ||
| 999 |
_c120529 _d120529 |
||